000 01287nam a2200193Ia 4500
003 Ost
005 20260507075114.0
008 260507s9999||||xx |||||||||||||| ||und||
040 _cfsecg
041 _aara
082 _a301.14
100 _aالطنوبي ، محمد محمد عمر،
_eمؤلف
245 0 _aنظريات الاتصال /
_c محمد محمد عمر الطنوبي
260 _aالاسكندرية:
_bمكتبة ومطبعة الاشعاع الفنية,
_c2001
300 _a239 صفحة؛
_bإيضاحات ؛
_c24 سم
520 _aمفاهيم أساسية في الاتصال و نماذج الاتصال الذاتي و الشخصي و الجماهيري و الاتصال الفعال و نظريات التعلم و علاقتها بنظريات الاتصال و علاقة الاتصال ببعض العمليات الاجتماعية مع تناول الاتصال و انتشار المبتكرات و دور الاتصال في اشباع الحاجات البشرية و الآثار الاجتماعية لأجهزة الاتصال الجماهيري و نظام الاتصال في المجتمع الريفي و دور وسائل الاتصال في إحداث التنمية الزراعية
653 _aالإتصال
942 _cكتاب
999 _c42964
_d42964